000 00292nam a22001337a 4500
003 SGT
020 _a938426667-1
082 _a344.04
_bAGA
100 _aAGARWAL, DR. S.P.
245 _aPHARMACEUTICAL JURISPRUDENCE
260 _aINDIA
_bBIRLA PUB
_c344.04
300 _aAGA
942 _2ddc
_cBK
999 _c32991
_d32991